Исследование азидо-тетразольной таутомерии в ряду замещенных азидопиримидинов: автореферат диссертации на соискание ученой степени кандидата химических наук; спец. 1.4.4

Bibliografiske detaljer
Hovedforfatter: Александрова Н. В. Надежда Владимировна
Institution som forfatter: Российская академия наук Сибирское отделение Новосибирский институт органической химии им. Н. Н. Ворожцова (570)
Andre forfattere: Маматюк В. И. Виктор Ильич (научный руководитель)
Summary:Защита сост. 17.01.2025
На правах рукописи
Sprog:russisk
Udgivet: Новосибирск, 2024
Fag:
Format: MixedMaterials Bog
KOHA link:https://koha.lib.tpu.ru/cgi-bin/koha/opac-detail.pl?biblionumber=682773

MARC

LEADER 00000nam0a2200000 4500
001 682773
005 20251208140909.0
090 |a 682773 
100 |a 20251101d2024 k||y0rusy50 ca 
101 0 |a rus 
102 |a RU 
105 |a a dm 001yy 
181 0 |a i   |b  e  
182 0 |a n 
183 0 |a nc  |2 RDAcarrier 
200 1 |a Исследование азидо-тетразольной таутомерии в ряду замещенных азидопиримидинов  |e автореферат диссертации на соискание ученой степени кандидата химических наук  |e спец. 1.4.4  |f Александрова Надежда Владимировна  |g науч. рук. В. И. Маматюк ; Новосибирский институт органической химии им. Н. Н. Ворожцова СО РАН 
203 |a Текст  |b визуальный  |c непосредственный 
210 1 |a Новосибирск  |d 2024 
215 |a 22 с.  |c ил. 
283 |a volume  |2 RDAcarrier 
300 |a Защита сост. 17.01.2025 
320 |a Библиография: с. 20-22 
333 |a На правах рукописи 
606 |a Таутометрия  |9 84822 
610 1 |a авторефераты диссертаций 
610 1 |a азидо-тетразольная таутометрия 
610 1 |a замещенные азидопиримидины 
610 1 |a каскадные химические реакции 
610 1 |a таутомерные превращения 
675 |a 544.12/.13  |v 4 
686 |2 oksvnk  |a 02.00.04 
700 1 |a Александрова  |b Н. В.   |g Надежда Владимировна 
702 1 |4 727  |a Маматюк  |b В. И.  |g Виктор Ильич 
712 0 2 |a Российская академия наук  |b Сибирское отделение  |b Новосибирский институт органической химии им. Н. Н. Ворожцова  |4 570  |9 23452 
801 0 |a RU  |b 63413507  |c 20251106 
942 |c BK